000 00890nmm a2200289 a 4500
001 ocm0001061817
003 TR-IsHL
005 20201028150955.0
008 150610s2013 tu tur
007 cr cn
020 _a9789758839889
035 _a1061817
_b(N$T)
050 0 4 _aDS26
_b.B38 2013
090 0 4 _aDS26
_b.B38 2013
100 1 _aBatur, D. Ahsen
245 1 0 _a1200 yıllık sürgün
_h[electronic resource] /
_cD. Ahsen Batur
250 _a3. bs.
260 _aİstanbul :
_bSelenge Yayınları,
_c2013
300 _a385 p.
500 _aIncludes bibliographical references.
_x
650 4 _aTarih
650 4 _aHistory
650 0 _aTürkler
_xTarih
650 0 _aTurks
_xHistory
650 7 _aHISTORY / Middle East / Turkey & Ottoman Empire
_2bisacsh
856 4 0 _uhttp://search.ebscohost.com/login.aspx?direct=true&scope=site&db=e011xww&AN=1061817
999 _c10763
_d10763